Southville International School and Colleges
Your cart is empty.
  • Cart
  • Lists
    Public lists Eva Luna New books Lux_list list_1
    Your lists Log in to create your own lists
  • Log in to your account
  • Your cookies
  • Search history
Southville International School and Colleges
  • Advanced search
  • Recent comments
  • Most popular
  • Libraries

Log in to your account

Log in with GOOGLE


If you do not have an external account, but do have a local account, you can still log in:

  1. Home
  2. MARC view: On cooking :
Normal view MARC view ISBD view

On cooking : (Record no. 305237)

[ view plain ]
MARC details
000 -LEADER
fixed length control field 00781nam a2200241Ia 4500
008 - FIXED-LENGTH DATA ELEMENTS--GENERAL INFORMATION
fixed length control field 161112s9999 xx 000 0 und d
020 ## - INTERNATIONAL STANDARD BOOK NUMBER
International Standard Book Number 978-981-4648-28-8
050 ## - LIBRARY OF CONGRESS CALL NUMBER
Classification number CUL TX 651
050 ## - LIBRARY OF CONGRESS CALL NUMBER
Item number .L33 2015
100 ## - MAIN ENTRY--PERSONAL NAME
Personal name Labensky, Sarah R.
245 #0 - TITLE STATEMENT
Title On cooking :
245 #2 - TITLE STATEMENT
Remainder of title a textbook of culinary fundamentals /
245 #0 - TITLE STATEMENT
Statement of responsibility, etc Sarah R. Labensky, Alan M. Hause, Priscilla A. Martel; photographs by Richard Embery; drawings by Stacey Winters Quattrone and William E. Ingram.
250 ## - EDITION STATEMENT
Edition statement 5th Editon
260 ## - PUBLICATION, DISTRIBUTION, ETC. (IMPRINT)
Place of publication, distribution, etc Singapore :
260 ## - PUBLICATION, DISTRIBUTION, ETC. (IMPRINT)
Name of publisher, distributor, etc Pearson Education South Asia Pte Ltd.,
260 ## - PUBLICATION, DISTRIBUTION, ETC. (IMPRINT)
Date of publication, distribution, etc 2015
300 ## - PHYSICAL DESCRIPTION
Extent 1219 pages :
300 ## - PHYSICAL DESCRIPTION
Other physical details illustrations ;
300 ## - PHYSICAL DESCRIPTION
Dimensions 28 cm.
500 ## - GENERAL NOTE
General note Includes bibliographical references and index.
650 ## - SUBJECT ADDED ENTRY--TOPICAL TERM
Topical term or geographic name as entry element Cooking.
Holdings
Withdrawn status Lost status Damaged status Home library Current library Shelving location Date acquired Cost, normal purchase price Total Checkouts Full call number Barcode Date last seen Price effective from Koha item type
      South Mansfield College South Mansfield College   11/08/2016 1613.30   CUL TX 651 .L33 2015 SMC06085 11/12/2016 11/12/2016  

On cooking :

APA

Labensky S. R., .On cooking. Singapore: .

Chicago

Labensky Sarah R, .On cooking. Singapore: .

Harvard

Labensky S. R., .On cooking. Singapore: .

MLA

Labensky Sarah R, .Singapore: . .

  • Place hold
  • Print
  • Cite
  • Add to your cart (remove)
  • Save record
    BIBTEX Dublin Core MARCXML MARC (non-Unicode/MARC-8) MARC (Unicode/UTF-8) MARC (Unicode/UTF-8, Standard) MODS (XML) RIS
  • More searches
    Search for this title in:
    Other Libraries (WorldCat) Other Databases (Google Scholar) Online Stores (Bookfinder.com) Open Library (openlibrary.org)

Exporting to Dublin Core...

SOUTHVILLE LIBRARY

Southville International School and Colleges Library

1281 Tropical Ave. Cor. Luxembourg St., BF Homes International, Las Pinas City

Tel. No. 8256374 / 252358 Loc. 117/146

Powered by Koha